| 000 | 00381nam a22001697a 4500 | ||
|---|---|---|---|
| 003 | OSt | ||
| 005 | 20220126091610.0 | ||
| 008 | 220126b |||||||| |||| 00| 0 eng d | ||
| 020 | _a007707678 | ||
| 040 | _cHU | ||
| 082 | _a658 | ||
| 100 |
_aO'CALLAGHAN PAUL _928633 |
||
| 245 | _aENERGY MANAGEMENT | ||
| 260 |
_aTOKIYO _bTORONTO _c1992 |
||
| 300 | _a438 | ||
| 942 |
_2ddc _cBOOKS _n0 |
||
| 999 |
_c27868 _d27868 |
||